000 00357 a2200169 4500
001 189579
020 _a85-7319-320-4
040 _cMagnum
100 _aMenezes, Silvana
240 1 0 _aEl bigodudo, olé!
_lpor
245 1 0 _aEl bigodudo, olé!
300 _a32
362 0 _a1998
440 1 _aDimensão
697 _aLITERATURA INFANTO
942 _cBK
999 _c189579
_d189579